[Event "HUN-ch Rapid"]
[Site "Ajka"]
[Date "2022.07.15"]
[Round "3"]
[White "Kiss, Pal"]
[Black "Antal, Gergely"]
[Result "0-1"]
[WhiteElo "2243"]
[BlackElo "2571"]
[PlyCount "58"]
[EventDate "2022.07.15"]
[EventType "swiss (rapid)"]
[EventRounds "13"]
[EventCountry "HUN"]
[SourceTitle "CBM 209 Extra"]
[Source "ChessBase"]
[SourceDate "2022.09.30"]
[SourceVersion "1"]
[SourceVersionDate "2022.09.30"]
[SourceQuality "1"]

1. d4 Nf6 2. c4 g6 3. Nc3 d5 4. Bf4 Bg7 5. e3 0-0 6. Rc1 Be6 7. cxd5 Nxd5 8. Nxd5 Qxd5 9. b3 c6 10. Nf3 Qa5+ 11. Qd2 Qxd2+ 12. Nxd2 Nd7 13. Bc4 Bxc4 14. Nxc4 c5 15. dxc5 Nxc5 16. Ne5 Rfc8 17. Ke2 Ne4 18. Kf3 f5 19. h4 Bf6 20. g4 e6 21. Nd7 Bb2 22. Rxc8+ Rxc8 23. gxf5 exf5 24. Be5 Bxe5 25. Nxe5 Rc2 26. Rh2 Rxa2 27. h5 g5 28. h6 g4+ 29. Kf4 g3 0-1

[Event "HUN-ch Rapid"]
[Site "Ajka"]
[Date "2021.07.17"]
[Round "9"]
[White "Berczes, David"]
[Black "Kiss, Pal"]
[Result "1-0"]
[WhiteElo "2452"]
[BlackElo "2266"]
[PlyCount "49"]
[EventDate "2021.07.16"]
[EventType "swiss (rapid)"]
[EventRounds "13"]
[EventCountry "HUN"]
[SourceTitle "CBM 203 Extra"]
[Source "ChessBase"]
[SourceDate "2021.09.30"]
[SourceVersion "1"]
[SourceVersionDate "2021.09.30"]
[SourceQuality "1"]

1. d4 d5 2. c4 c6 3. Nf3 Nf6 4. g3 Bf5 5. Nc3 e6 6. Nh4 Be4 7. f3 Bg6 8. Qb3 Qb6 9. c5 Qc7 10. Bf4 Qc8 11. Nxg6 hxg6 12. g4 Nbd7 13. e3 Be7 14. Qc2 b6 15. cxb6 axb6 16. Rc1 Qb7 17. a4 Kf8 18. Bd3 c5 19. Nb5 Kg8 20. Kf2 c4 21. Be2 Ne8 22. b3 cxb3 23. Qxb3 g5 24. Bg3 g6 25. Nc7 1-0

[Event "HUN-ch Rapid"]
[Site "Ajka"]
[Date "2021.07.17"]
[Round "8"]
[White "Kiss, Pal"]
[Black "Lehocz, Jozsef"]
[Result "1-0"]
[WhiteElo "2266"]
[BlackElo "1938"]
[PlyCount "55"]
[EventDate "2021.07.16"]
[EventType "swiss (rapid)"]
[EventRounds "13"]
[EventCountry "HUN"]
[SourceTitle "CBM 203 Extra"]
[Source "ChessBase"]
[SourceDate "2021.09.30"]
[SourceVersion "1"]
[SourceVersionDate "2021.09.30"]
[SourceQuality "1"]

1. d4 Nf6 2. Nf3 e6 3. c4 d5 4. g3 a6 5. Bg2 dxc4 6. Ne5 c6 7. Nxc4 b5 8. Ne5 Bb7 9. 0-0 Bd6 10. Nc3 Nd5 11. Ne4 0-0 12. Nd3 Qc7 13. Bd2 Nd7 14. Nxd6 Qxd6 15. e4 N5b6 16. Bb4 Qxd4 17. Bxf8 Rxf8 18. Rc1 c5 19. Nxc5 Qxd1 20. Rfxd1 Nxc5 21. Rxc5 f5 22. exf5 Bxg2 23. Kxg2 exf5 24. Rd6 Nc4 25. Rxa6 f4 26. gxf4 Rxf4 27. Rc8+ Kf7 28. Rc7+ 1-0

[Event "HUN-ch rapid"]
[Site "Ajka"]
[Date "2020.07.19"]
[Round "10"]
[White "Aczel, Gergely"]
[Black "Kiss, Pal"]
[Result "1-0"]
[WhiteElo "2511"]
[BlackElo "2266"]
[PlyCount "79"]
[EventDate "2020.07.17"]
[EventType "swiss (rapid)"]
[EventRounds "13"]
[EventCountry "HUN"]
[SourceTitle "CBM 197 Extra"]
[Source "ChessBase"]
[SourceDate "2020.09.30"]
[SourceVersion "1"]
[SourceVersionDate "2020.09.30"]
[SourceQuality "1"]

1. d4 d5 2. c4 c6 3. cxd5 cxd5 4. Bf4 Nc6 5. e3 Nf6 6. Nc3 a6 7. Bd3 Bg4 8. Nge2 e6 9. Rc1 Bd6 10. f3 Bh5 11. Na4 Bg6 12. 0-0 Bxd3 13. Qxd3 Bxf4 14. Nxf4 0-0 15. Nc5 Qb6 16. Qd2 Rac8 17. Rc3 Qa7 18. Rfc1 Ne7 19. Qe2 Nf5 20. g4 Nd6 21. g5 b6 22. Qxa6 Ra8 23. Qxa7 Rxa7 24. gxf6 bxc5 25. dxc5 Nb5 26. fxg7 Kxg7 27. Rb3 Nc7 28. a3 e5 29. Nd3 f6 30. c6 Kg6 31. Rb7 Rfa8 32. Kf2 Kf5 33. Nc5 Ne8 34. e4+ dxe4 35. fxe4+ Kf4 36. Rc3 Nd6 37. Rd7 Nxe4+ 38. Nxe4 Kxe4 39. Rxa7 Rxa7 40. c7 1-0

[Event "Prague Golden rap op 15th"]
[Site "Prague"]
[Date "2019.06.30"]
[Round "1"]
[White "Barton, Milan"]
[Black "Kiss, Pal"]
[Result "0-1"]
[WhiteElo "1763"]
[BlackElo "2278"]
[PlyCount "85"]
[EventDate "2019.06.30"]
[EventType "swiss (rapid)"]
[EventRounds "7"]
[EventCountry "CZE"]
[SourceTitle "CBM 191 Extra"]
[Source "ChessBase"]
[SourceDate "2019.09.30"]
[SourceVersion "1"]
[SourceVersionDate "2019.09.30"]
[SourceQuality "1"]

1. e4 c5 2. Nf3 Nc6 3. d4 cxd4 4. Nxd4 g6 5. c4 Nf6 6. f3 Nxd4 7. Qxd4 d6 8. Nc3 Bg7 9. Qd1 0-0 10. Be3 Be6 11. Rc1 Qa5 12. Bd2 Rfc8 13. b3 a6 14. Rc2 b5 15. Nxb5 Qb6 16. Nc3 Nd7 17. Na4 Qc7 18. Be2 Qa7 19. Bc3 Ne5 20. Rd2 Nc6 21. Bxg7 Kxg7 22. Rb2 Rab8 23. Qd2 Nd4 24. Bd3 Bd7 25. Nc3 a5 26. Qf2 Qc5 27. 0-0 e5 28. Nd5 Be6 29. Rfb1 Bxd5 30. exd5 f5 31. Kh1 Re8 32. Re1 Re7 33. Qh4 Reb7 34. Reb1 Qa3 35. Qe1 Qc5 36. Qc3 Qb4 37. Qc1 h6 38. Qd2 Qxd2 39. Rxd2 a4 40. Rdb2 axb3 41. axb3 Nxb3 42. Rxb3 Rxb3 43. Bc2 0-1

[Event "Prague Golden rap op 15th"]
[Site "Prague"]
[Date "2019.06.30"]
[Round "4"]
[White "Kiss, Pal"]
[Black "Benes, Petr1111"]
[Result "1/2-1/2"]
[WhiteElo "2278"]
[BlackElo "2084"]
[PlyCount "51"]
[EventDate "2019.06.30"]
[EventType "swiss (rapid)"]
[EventRounds "7"]
[EventCountry "CZE"]
[SourceTitle "CBM 191 Extra"]
[Source "ChessBase"]
[SourceDate "2019.09.30"]
[SourceVersion "1"]
[SourceVersionDate "2019.09.30"]
[SourceQuality "1"]

1. d4 Nc6 2. Nf3 d6 3. c4 e5 4. d5 Nce7 5. e4 Ng6 6. Nc3 Nf6 7. g3 h5 8. h4 Be7 9. Be2 Bd7 10. Bg5 Ng4 11. Bd2 c5 12. Nh2 Qc8 13. f3 Nxh2 14. Rxh2 Nf8 15. Bd3 Nh7 16. Qe2 Nf6 17. Be3 Qc7 18. 0-0-0 a6 19. Kb1 Rb8 20. b3 Bd8 21. Qf1 Qa5 22. Bd2 Qa3 23. Bc1 Qb4 24. Bd2 Qa3 25. Bc1 Qb4 26. Rh1 1/2-1/2

[Event "Prague Golden rap op 15th"]
[Site "Prague"]
[Date "2019.06.30"]
[Round "7"]
[White "Kiss, Pal"]
[Black "Rydl, Jiri"]
[Result "0-1"]
[WhiteElo "2278"]
[BlackElo "2422"]
[PlyCount "88"]
[EventDate "2019.06.30"]
[EventType "swiss (rapid)"]
[EventRounds "7"]
[EventCountry "CZE"]
[SourceTitle "CBM 191 Extra"]
[Source "ChessBase"]
[SourceDate "2019.09.30"]
[SourceVersion "1"]
[SourceVersionDate "2019.09.30"]
[SourceQuality "1"]

1. d4 Nf6 2. c4 c6 3. Nc3 d5 4. e3 e6 5. Nf3 Nbd7 6. Qc2 Bd6 7. Bd3 0-0 8. 0-0 h6 9. b3 b6 10. Bb2 Bb7 11. Rad1 Qc7 12. Rfe1 Rad8 13. h3 Rfe8 14. e4 dxc4 15. bxc4 e5 16. c5 Bf8 17. dxe5 Nh5 18. cxb6 axb6 19. Nb5 Qb8 20. Nd6 Nxe5 21. Nxe5 Bxd6 22. Nxc6 Bxc6 23. Qxc6 Rc8 24. Qb5 Bc5 25. Bf1 Qf4 26. Qe2 Rxe4 27. Qf3 Qxf3 28. gxf3 Rxe1 29. Rxe1 Nf4 30. Be5 Ng6 31. Bg3 Bd4 32. Bd3 Rc3 33. Bxg6 fxg6 34. Kg2 Rc2 35. a4 g5 36. Re4 Bc5 37. f4 gxf4 38. Rxf4 Ra2 39. Rc4 Kf7 40. h4 Ke6 41. h5 Kd5 42. Rg4 Bd4 43. Kf3 Rxa4 44. Bf4 Be5 0-1

[Event "HUN-chT2 Maroczy 1819"]
[Site "Hungary"]
[Date "2019.03.31"]
[Round "10.2"]
[White "Petrisor, Adrian Marian"]
[Black "Kiss, Pal"]
[Result "1/2-1/2"]
[WhiteElo "2424"]
[BlackElo "2275"]
[PlyCount "23"]
[EventDate "2018.09.23"]
[EventType "team-tourn"]
[EventRounds "11"]
[EventCountry "HUN"]
[SourceTitle "EXT 2021"]
[Source "ChessBase"]
[SourceDate "2020.10.23"]
[SourceVersion "1"]
[SourceVersionDate "2020.10.23"]
[SourceQuality "1"]
[WhiteTeam "Kisujszallas"]
[BlackTeam "Lillafured DVTK II"]
[WhiteTeamCountry "HUN"]
[BlackTeamCountry "HUN"]

1. e4 c5 2. Nf3 Nc6 3. Bb5 e6 4. Bxc6 bxc6 5. 0-0 Ne7 6. e5 Ng6 7. Nc3 Be7 8. d3 0-0 9. g3 f6 10. exf6 Bxf6 11. Ne4 Be7 12. h4 1/2-1/2

[Event "HUN-chT2 Maroczy 1819"]
[Site "Hungary"]
[Date "2019.03.10"]
[Round "9.4"]
[White "Kiss, Pal"]
[Black "Papp, Gellert"]
[Result "1/2-1/2"]
[WhiteElo "2275"]
[BlackElo "2288"]
[PlyCount "63"]
[EventDate "2018.09.23"]
[EventType "team-tourn"]
[EventRounds "11"]
[EventCountry "HUN"]
[SourceTitle "EXT 2020"]
[Source "ChessBase"]
[SourceDate "2019.10.17"]
[SourceVersion "1"]
[SourceVersionDate "2019.10.17"]
[SourceQuality "1"]
[WhiteTeam "Lillafured DVTK II"]
[BlackTeam "Szigetszentmiklos"]
[WhiteTeamCountry "HUN"]
[BlackTeamCountry "HUN"]

1. d4 Nf6 2. c4 g6 3. Nc3 d5 4. Bf4 Bg7 5. e3 0-0 6. Rc1 c6 7. Nf3 a6 8. h3 dxc4 9. Bxc4 b5 10. Be2 Nbd7 11. 0-0 Qb6 12. Ne5 Bb7 13. Nd3 Rfc8 14. b4 a5 15. a3 axb4 16. axb4 Ra3 17. Qd2 Qa7 18. Rc2 Ra8 19. Rfc1 Nb6 20. Ne5 Nfd5 21. Nxd5 Nxd5 22. Nxc6 Bxc6 23. Rxc6 Nxf4 24. Rc8+ Bf8 25. exf4 Qd7 26. Rxa8 Rxa8 27. Qd3 e6 28. Qxb5 Qxd4 29. Qc4 Qxc4 30. Rxc4 Rb8 31. g3 Rxb4 32. Rxb4 1/2-1/2

[Event "HUN-chT2 Maroczy 1819"]
[Site "Hungary"]
[Date "2018.11.18"]
[Round "4.4"]
[White "Kiss, Pal"]
[Black "Marosi, Levente"]
[Result "1/2-1/2"]
[WhiteElo "2275"]
[BlackElo "2255"]
[PlyCount "33"]
[EventDate "2018.09.23"]
[EventType "team-tourn"]
[EventRounds "11"]
[EventCountry "HUN"]
[SourceTitle "EXT 2020"]
[Source "ChessBase"]
[SourceDate "2019.10.17"]
[SourceVersion "1"]
[SourceVersionDate "2019.10.17"]
[SourceQuality "1"]
[WhiteTeam "Lillafured DVTK II"]
[BlackTeam "Budapest MTK"]
[WhiteTeamCountry "HUN"]
[BlackTeamCountry "HUN"]

1. d4 Nf6 2. c4 e6 3. Nf3 d5 4. g3 Bb4+ 5. Bd2 Be7 6. Bg2 0-0 7. 0-0 c6 8. Qc2 Nbd7 9. Bf4 b6 10. Rd1 Bb7 11. Nc3 dxc4 12. Nd2 Nd5 13. Nxc4 Nxf4 14. gxf4 Nf6 15. e3 Nd5 16. a3 Rc8 17. Rac1 1/2-1/2

[Event "HUN-ch rapid"]
[Site "Ajka"]
[Date "2018.07.21"]
[Round "6"]
[White "Kiss, Pal"]
[Black "Nemeth, Miklos"]
[Result "1/2-1/2"]
[WhiteElo "2275"]
[BlackElo "2470"]
[PlyCount "94"]
[EventDate "2018.07.20"]
[EventType "swiss (rapid)"]
[EventRounds "13"]
[EventCountry "HUN"]
[SourceTitle "CBM 185 Extra"]
[Source "ChessBase"]
[SourceDate "2018.07.29"]
[SourceVersion "1"]
[SourceVersionDate "2018.07.29"]
[SourceQuality "1"]

1. d4 Nf6 2. c4 e6 3. Nf3 b6 4. g3 Bb7 5. Bg2 Be7 6. 0-0 0-0 7. Nc3 Bb4 8. Bd2 c5 9. a3 Bxc3 10. Bxc3 Ne4 11. Rc1 d6 12. b3 Qc7 13. Bb2 Nd7 14. Rc2 f5 15. Nd2 Rad8 16. Nxe4 Bxe4 17. Rd2 Bxg2 18. Kxg2 f4 19. Qc2 cxd4 20. Bxd4 e5 21. Bc3 Rf6 22. Qe4 Rdf8 23. Qd5+ Kh8 24. Bb4 Nc5 25. Bxc5 bxc5 26. b4 cxb4 27. axb4 Qc8 28. f3 Rh6 29. g4 Qd8 30. Rf2 Qb6 31. c5 dxc5 32. Qxc5 Re8 33. Rd5 Qb8 34. b5 Rc8 35. Qe7 Re8 36. Qc5 e4 37. fxe4 Rxe4 38. Rf5 Rf6 39. Rxf6 gxf6 40. Qc6 Qe5 41. Qc2 Rb4 42. Qc8+ Kg7 43. Qd7+ Kg6 44. Qd3+ Kg7 45. Qd7+ Kh6 46. Qd3 Rxb5 47. Rf3 Qd5 1/2-1/2

[Event "HUN-ch rapid"]
[Site "Ajka"]
[Date "2018.07.20"]
[Round "3"]
[White "Banusz, Tamas"]
[Black "Kiss, Pal"]
[Result "1-0"]
[WhiteElo "2607"]
[BlackElo "2275"]
[PlyCount "157"]
[EventDate "2018.07.20"]
[EventType "swiss (rapid)"]
[EventRounds "13"]
[EventCountry "HUN"]
[SourceTitle "CBM 185 Extra"]
[Source "ChessBase"]
[SourceDate "2018.07.29"]
[SourceVersion "1"]
[SourceVersionDate "2018.07.29"]
[SourceQuality "1"]

1. Nf3 d5 2. g3 Nf6 3. Bg2 c6 4. c4 Bg4 5. Ne5 Be6 6. cxd5 Bxd5 7. Nf3 c5 8. Nc3 Bc6 9. 0-0 e6 10. Qc2 Be7 11. Rd1 0-0 12. e4 Qb6 13. d4 Rd8 14. e5 Nd5 15. Ng5 g6 16. Nxd5 Bxd5 17. dxc5 Qxc5 18. Qxc5 Bxc5 19. Bxd5 Rxd5 20. Rxd5 exd5 21. Bf4 h6 22. Nf3 g5 23. Rc1 Nd7 24. Bd2 Re8 25. h3 Bb6 26. Bc3 Nc5 27. Rd1 Na4 28. Rxd5 Nxc3 29. bxc3 Rc8 30. Rd3 Ba5 31. Kg2 Rxc3 32. Rd6 Bb6 33. Nd2 Rc2 34. Ne4 Kg7 35. Kf3 Rxa2 36. Kg4 Bc7 37. Rd7 Bxe5 38. Rxb7 Kg6 39. Kf3 Ra3+ 40. Kg2 Ra2 41. Rb5 Bd4 42. g4 Bb6 43. Rd5 Ra4 44. Rd6+ Kg7 45. Ng3 Kf8 46. Rxh6 Rf4 47. f3 Ra4 48. Ne4 Be3 49. Rf6 Ra2+ 50. Kf1 Ke7 51. Rf5 a5 52. Nc3 Ra1+ 53. Ke2 Bf4 54. Nd5+ Ke6 55. Nxf4+ gxf4 56. Rxf4 Rh1 57. Ra4 Rxh3 58. Rxa5 Rh1 59. Ke3 Kf6 60. Kf4 Rb1 61. Ra6+ Kg7 62. g5 Rb5 63. Kg4 Rb4+ 64. f4 Rb1 65. Ra7 Rb2 66. Ra8 Rb1 67. Rc8 Rb2 68. f5 Rg2+ 69. Kf4 Rf2+ 70. Ke4 Rg2 71. f6+ Kh7 72. Kf4 Rg1 73. Rf8 Rf1+ 74. Ke5 Re1+ 75. Kd6 Kg6 76. Rg8+ Kf5 77. Rg7 Re2 78. Kd7 Rg2 79. Ke7 1-0

[Event "Prague Prucha Memorial"]
[Site "Prague"]
[Date "2017.07.07"]
[Round "7"]
[White "Novacek, Josef"]
[Black "Kiss, Pal"]
[Result "0-1"]
[WhiteElo "2159"]
[BlackElo "2278"]
[PlyCount "80"]
[EventDate "2017.07.01"]
[EventType "tourn"]
[EventRounds "9"]
[EventCountry "CZE"]
[SourceTitle "CBM 179 Extra"]
[Source "ChessBase"]
[SourceDate "2017.08.23"]
[SourceVersion "1"]
[SourceVersionDate "2017.08.23"]
[SourceQuality "1"]

1. Nf3 Nf6 2. g3 d5 3. Bg2 c6 4. b3 Bg4 5. Bb2 Nbd7 6. d3 e6 7. 0-0 Be7 8. Nbd2 0-0 9. c4 a5 10. Qc2 Re8 11. h3 Bh5 12. g4 Bg6 13. Nh4 Nf8 14. Ndf3 N6d7 15. Nxg6 Nxg6 16. e3 Bd6 17. Bc3 Nh4 18. Nxh4 Qxh4 19. Rab1 h5 20. Qe2 hxg4 21. Qxg4 Qh6 22. Rfd1 Nf6 23. Bxf6 Qxf6 24. d4 g6 25. c5 Bf8 26. f4 Be7 27. Rd3 Qg7 28. Bf3 f5 29. Qg3 Kf7 30. Kf1 Qh6 31. Ke2 Rh8 32. Rh1 Bh4 33. Qh2 Qf8 34. Qg2 Qe7 35. Rg1 Rag8 36. Rdd1 Qd8 37. Rc1 b6 38. Kd2 Be7 39. cxb6 Qxb6 40. Qf1 a4 0-1

[Event "Prague Prucha Memorial"]
[Site "Prague"]
[Date "2017.07.02"]
[Round "2"]
[White "Kiss, Pal"]
[Black "Kratky, Josef"]
[Result "1-0"]
[WhiteElo "2278"]
[BlackElo "2075"]
[PlyCount "97"]
[EventDate "2017.07.01"]
[EventType "tourn"]
[EventRounds "9"]
[EventCountry "CZE"]
[SourceTitle "CBM 179 Extra"]
[Source "ChessBase"]
[SourceDate "2017.08.23"]
[SourceVersion "1"]
[SourceVersionDate "2017.08.23"]
[SourceQuality "1"]

1. d4 e6 2. c4 Nf6 3. Nf3 d5 4. g3 Be7 5. Bg2 0-0 6. 0-0 dxc4 7. Qc2 a6 8. Qxc4 b5 9. Qc2 Bb7 10. Bf4 Bd6 11. Nbd2 Bxf4 12. gxf4 Qd6 13. e3 Nbd7 14. Nb3 Be4 15. Qc3 Nd5 16. Qd2 Rac8 17. Rfc1 c5 18. dxc5 Nxc5 19. Nxc5 Rxc5 20. Qd4 Rxc1+ 21. Rxc1 Qb4 22. a3 Qxd4 23. Nxd4 Bxg2 24. Kxg2 g6 25. Kf3 Ra8 26. h3 Kg7 27. e4 Nf6 28. Rc7 Kf8 29. Nc6 Ne8 30. Rd7 Rc8 31. Ne5 Rc7 32. Rd8 f6 33. Nd3 Rc2 34. Ra8 Rc6 35. Nb4 Rc1 36. Rxa6 Rb1 37. Nd3 Rh1 38. Kg2 Rd1 39. Nc5 e5 40. fxe5 fxe5 41. Ra7 Rd2 42. b4 Nd6 43. Rxh7 Nc4 44. Ra7 Ra2 45. a4 bxa4 46. Rxa4 Rb2 47. b5 Ne3+ 48. Kf3 Nd1 49. b6 1-0

[Event "HUN-chT2 Barcza 1617"]
[Site "Hungary"]
[Date "2017.03.12"]
[Round "10.1"]
[White "Kiss, Pal"]
[Black "Borsos, Bogdan"]
[Result "1-0"]
[WhiteElo "2275"]
[BlackElo "2252"]
[PlyCount "93"]
[EventDate "2016.09.25"]
[EventType "team-tourn"]
[EventRounds "11"]
[EventCountry "HUN"]
[SourceTitle "EXT 2021"]
[Source "ChessBase"]
[SourceDate "2020.10.23"]
[SourceVersion "1"]
[SourceVersionDate "2020.10.23"]
[SourceQuality "1"]
[WhiteTeam "Sajobabony"]
[BlackTeam "Kazincbarcika"]
[WhiteTeamCountry "HUN"]
[BlackTeamCountry "HUN"]

1. d4 d5 2. c4 dxc4 3. Nf3 Nf6 4. e3 e6 5. Bxc4 c5 6. 0-0 a6 7. a4 Nc6 8. Qe2 cxd4 9. Rd1 Qc7 10. exd4 Be7 11. Nc3 0-0 12. Bg5 h6 13. Bh4 Nh5 14. Bg3 Nxg3 15. hxg3 Nb4 16. Rac1 Bd8 17. d5 exd5 18. Nxd5 Nxd5 19. Bxd5 Qb6 20. Ne5 Bg5 21. Rc3 Be6 22. Nc4 Qb4 23. Bxe6 fxe6 24. Qxe6+ Kh8 25. Ne5 Rf6 26. Qb3 Qxb3 27. Rxb3 Rf5 28. f4 Bf6 29. g4 Rxe5 30. fxe5 Bxe5 31. Rxb7 Rc8 32. b4 Rc4 33. Rb1 Rxg4 34. Kf2 h5 35. a5 Kh7 36. Kf3 Rf4+ 37. Ke3 Rg4 38. Kf3 Kg6 39. b5 axb5 40. R1xb5 Kf6 41. R7b6+ Kf5 42. Rd5 Rf4+ 43. Ke3 Re4+ 44. Kd3 Kf4 45. Re6 Re3+ 46. Kc4 Re4+ 47. Kb5 1-0